[Event "HUN-chT2 Charousek 1516"]
[Site "Hungary"]
[Date "2015.11.08"]
[Round "2.5"]
[White "Macsik, Tamas"]
[Black "Papp, Tamas"]
[Result "1/2-1/2"]
[WhiteElo "2274"]
[BlackElo "2254"]
[PlyCount "35"]
[EventDate "2015.10.18"]
[EventType "team-tourn"]
[EventRounds "9"]
[EventCountry "HUN"]
[SourceTitle "CBM 170 Extra"]
[Source "ChessBase"]
[SourceDate "2016.02.25"]
[SourceVersion "1"]
[SourceVersionDate "2016.02.25"]
[SourceQuality "1"]
[WhiteTeam "Paks ASE II"]
[BlackTeam "Decs 1990"]
[WhiteTeamCountry "HUN"]
[BlackTeamCountry "HUN"]

1. d4 g6 2. Nf3 Bg7 3. c4 c6 4. Nc3 Nf6 5. g3 0-0 6. Bg2 d6 7. 0-0 Nbd7 8. e4 Qc7 9. Qe2 e5 10. d5 a5 11. Rd1 Nc5 12. Ne1 Ne8 13. Nd3 Na6 14. a3 Bd7 15. Be3 f5 16. Rac1 c5 17. Rf1 Nf6 18. f3 1/2-1/2

[Event "HUN-chT2 Charousek 1314"]
[Site "Hungary"]
[Date "2014.04.13"]
[Round "10"]
[White "Gjuran, Denis"]
[Black "Macsik, Tamas"]
[Result "1/2-1/2"]
[WhiteElo "2315"]
[BlackElo "2280"]
[PlyCount "31"]
[EventDate "2013.09.08"]
[EventType "team-tourn"]
[EventRounds "11"]
[EventCountry "HUN"]
[SourceTitle "EXT 2016"]
[Source "ChessBase"]
[SourceDate "2015.10.08"]
[SourceVersion "1"]
[SourceVersionDate "2015.10.08"]
[SourceQuality "1"]
[WhiteTeam "Alsoszolnok"]
[BlackTeam "Paks ASE II"]
[WhiteTeamCountry "HUN"]
[BlackTeamCountry "HUN"]

1. e4 e6 2. f4 d5 3. e5 c5 4. Nf3 b6 5. c3 Qd7 6. d4 Ba6 7. Bxa6 Nxa6 8. 0-0 Nb8 9. Be3 Nc6 10. Nbd2 Nh6 11. h3 Nf5 12. Bf2 h5 13. g3 Be7 14. Qe2 cxd4 15. cxd4 0-0-0 16. Rfc1 1/2-1/2

[Event "HUN-chT2 Charousek 1112"]
[Site "Hungary"]
[Date "2012.04.22"]
[Round "9"]
[White "Makk, Robert"]
[Black "Macsik, Tamas"]
[Result "1/2-1/2"]
[WhiteElo "2247"]
[BlackElo "2283"]
[PlyCount "144"]
[EventDate "2011.09.25"]
[EventType "team-tourn"]
[EventRounds "11"]
[EventCountry "HUN"]
[SourceTitle "EXT 2013"]
[Source "ChessBase"]
[SourceDate "2012.11.22"]
[SourceVersion "1"]
[SourceVersionDate "2012.11.22"]
[SourceQuality "1"]
[WhiteTeam "Haladas II"]
[BlackTeam "Paks II"]
[WhiteTeamCountry "HUN"]
[BlackTeamCountry "HUN"]

1. e4 e6 2. d4 d5 3. Nd2 Be7 4. Bd3 c5 5. dxc5 Nf6 6. exd5 Qxd5 7. Ngf3 Qxc5 8. 0-0 0-0 9. Qe2 Nbd7 10. b3 b6 11. Ne4 Qc7 12. Bb2 Bb7 13. Neg5 Bxf3 14. Nxf3 Nc5 15. Bc4 Nfd7 16. Rad1 Bf6 17. c3 Ne5 18. Nxe5 Bxe5 19. g3 Rad8 20. Qe3 Bf6 21. Be2 Rxd1 22. Rxd1 Rd8 23. Bc1 Rxd1+ 24. Bxd1 Qe5 25. Qxe5 Bxe5 26. c4 Bd4 27. Bc2 g6 28. Kf1 f5 29. Ke2 Kf7 30. Bd2 Ke7 31. Be1 a5 32. h3 Kd6 33. a3 e5 34. g4 fxg4 35. hxg4 Ne6 36. b4 axb4 37. axb4 Bb2 38. Be4 Nd4+ 39. Kd3 Nc6 40. Bd2 Bd4 41. f4 Bf2 42. f5 gxf5 43. Bxf5 h6 44. Ke4 Bh4 45. Bxh6 Nxb4 46. Bf8+ Be7 47. Bxe7+ Kxe7 48. Kxe5 Nc6+ 49. Ke4 Kf6 50. Kd5 Ne5 51. Bc8 Nd3 52. Kc6 Ne5+ 53. Kb5 Kg5 54. Bf5 Kf6 55. Kb4 Nc6+ 56. Kc3 Kg5 57. Kd3 Kf4 58. Bc8 Ne5+ 59. Kc3 Nc6 60. Be6 Ne5 61. Kd4 Nc6+ 62. Kd5 Ne7+ 63. Kd6 Ng6 64. Bf5 Ne5 65. Kd5 Nf3 66. Bd3 Nd2 67. Be2 Ne4 68. Ke6 Nd2 69. Kd5 Ne4 70. Kc6 Nd2 71. Kxb6 Nxc4+ 72. Bxc4 Kxg4 1/2-1/2

[Event "HUN-chT 1011"]
[Site "Hungary"]
[Date "2011.05.01"]
[Round "10"]
[White "Horvath, Julia"]
[Black "Macsik, Tamas"]
[Result "0-1"]
[WhiteElo "2244"]
[BlackElo "2291"]
[PlyCount "130"]
[EventDate "2010.10.10"]
[EventType "team-tourn"]
[EventRounds "11"]
[EventCountry "HUN"]
[SourceTitle "EXT 2012"]
[Source "ChessBase"]
[SourceDate "2011.11.24"]
[SourceVersion "1"]
[SourceVersionDate "2011.11.24"]
[SourceQuality "1"]
[WhiteTeam "Vasas"]
[BlackTeam "Paks"]
[WhiteTeamCountry "HUN"]
[BlackTeamCountry "HUN"]

1. d4 d5 2. c4 c6 3. Nc3 Nf6 4. Nf3 dxc4 5. a4 Bf5 6. Ne5 Nbd7 7. Nxc4 Nb6 8. Ne5 Nbd7 9. Nd3 Bxd3 10. Qxd3 e5 11. dxe5 Nxe5 12. Qf5 Qa5 13. e4 Bb4 14. Bd2 Rd8 15. Be2 0-0 16. Qf4 Rfe8 17. 0-0 Ng6 18. Qe3 Nxe4 19. Nxe4 Bxd2 20. Qf3 Qb4 21. Ng3 Bf4 22. b3 Ne5 23. Qe4 Rd4 24. Qf5 g6 25. Qb1 h5 26. Rd1 Red8 27. Rxd4 Rxd4 28. Nf1 Qc3 29. Qa2 Rb4 30. Rb1 Nd7 31. a5 Nc5 32. Bc4 Ne4 33. Qe2 Nd6 34. Qd1 Nxc4 35. bxc4 Qxc4 36. g3 Bg5 37. h4 Bh6 38. Qd8+ Kg7 39. Re1 Qd4 40. Qe7 Rb2 41. Re2 Rxe2 42. Qxe2 Bc1 43. Nh2 Ba3 44. Nf3 Qc3 45. a6 b5 46. Ng5 Bc1 47. Ne4 Qd4 48. Kg2 f5 49. Nc3 Ba3 50. Nb1 Bc5 51. Nd2 b4 52. Nf3 Qd5 53. Kh2 Kf6 54. Qb2+ Ke7 55. Qg7+ Kd8 56. Ne5 b3 57. Qf6+ Kc7 58. Qg7+ Kb6 59. Qb7+ Ka5 60. Nxc6+ Ka4 61. Qc7 Bb6 62. Qf4+ Kb5 63. Ne7 Qd4 64. Nxg6 Qxf4 65. Nxf4 b2 0-1

[Event "HUN-chT2 Charousek 0809"]
[Site "Hungary"]
[Date "2009.04.05"]
[Round "10"]
[White "Macsik, Tamas"]
[Black "Pergel, Laszlo"]
[Result "1-0"]
[WhiteElo "2296"]
[BlackElo "2293"]
[PlyCount "89"]
[EventDate "2008.10.26"]
[EventType "team-tourn"]
[EventRounds "11"]
[EventCountry "HUN"]
[SourceTitle "EXT 2010"]
[Source "ChessBase"]
[SourceDate "2010.11.25"]
[SourceVersion "1"]
[SourceVersionDate "2010.11.25"]
[SourceQuality "1"]
[WhiteTeam "Paks II"]
[BlackTeam "Haladas II"]
[WhiteTeamCountry "HUN"]
[BlackTeamCountry "HUN"]

1. d4 Nf6 2. Nf3 e6 3. c4 b6 4. g3 Bb7 5. Bg2 Be7 6. Nc3 d6 7. 0-0 Nbd7 8. Qc2 c5 9. e4 cxd4 10. Nxd4 Qc7 11. b3 a6 12. Bb2 0-0 13. Rad1 Rac8 14. Qe2 Rfe8 15. Kh1 Bf8 16. f4 Red8 17. f5 e5 18. Nc2 Qb8 19. g4 h6 20. h4 g6 21. fxg6 fxg6 22. Qf3 Bg7 23. g5 hxg5 24. hxg5 Nh5 25. Qf7+ Kh7 26. Bf3 Rf8 27. Qxd7 Ng3+ 28. Kg2 Nxf1 29. Rxf1 Qc7 30. Rh1+ Kg8 31. Qe6+ Qf7 32. Qh3 Qe7 33. Bg4 Qxg5 34. Bc1 Rf4 35. Bxf4 exf4 36. Nd5 Bxd5 37. exd5 b5 38. Kf2 Rc7 39. Be6+ Kf8 40. Rg1 Qf6 41. Qd3 bxc4 42. bxc4 g5 43. Qb3 Qb2 44. Rxg5 Rb7 45. Qd3 1-0

[Event "HUN-chT2 Charousek 0809"]
[Site "Hungary"]
[Date "2009.03.08"]
[Round "9"]
[White "Macsik, Tamas"]
[Black "Balka, Richard"]
[Result "1-0"]
[WhiteElo "2296"]
[BlackElo "2065"]
[PlyCount "41"]
[EventDate "2008.10.26"]
[EventType "team-tourn"]
[EventRounds "11"]
[EventCountry "HUN"]
[SourceTitle "EXT 2010"]
[Source "ChessBase"]
[SourceDate "2010.11.25"]
[SourceVersion "1"]
[SourceVersionDate "2010.11.25"]
[SourceQuality "1"]
[WhiteTeam "Paks II"]
[BlackTeam "Sarvar"]
[WhiteTeamCountry "HUN"]
[BlackTeamCountry "HUN"]

1. d4 d5 2. Nf3 Nf6 3. e3 Bf5 4. c4 c6 5. Nh4 Bxb1 6. Rxb1 Qa5+ 7. Bd2 Qxa2 8. Qc2 Ne4 9. Bb4 a5 10. Ba3 e6 11. Bxf8 Rxf8 12. cxd5 exd5 13. Bd3 Na6 14. Bxa6 Rxa6 15. f3 Nd6 16. 0-0 Nc4 17. Qf5 Rb6 18. Qc8+ Ke7 19. Nf5+ Kf6 20. Qxf8 Kxf5 21. Qxf7+ 1-0

[Event "HUN-chT2 Asztalos 0708"]
[Site "Hungary"]
[Date "2008.04.27"]
[Round "10"]
[White "Macsik, Tamas"]
[Black "Szotak, Laszlo"]
[Result "1-0"]
[WhiteElo "2291"]
[BlackElo "2049"]
[PlyCount "60"]
[EventDate "2007.10.14"]
[EventType "team"]
[EventRounds "11"]
[EventCountry "HUN"]
[SourceTitle "EXT 2009"]
[Source "ChessBase"]
[SourceDate "2008.11.26"]
[SourceVersion "1"]
[SourceVersionDate "2008.11.26"]
[SourceQuality "1"]
[WhiteTeam "Paks ASE"]
[BlackTeam "Szenna Pack II"]
[WhiteTeamCountry "HUN"]
[BlackTeamCountry "HUN"]

1. d4 f5 2. g3 Nf6 3. c4 g6 4. Bg2 Bg7 5. Nc3 d6 6. Nf3 0-0 7. d5 c5 8. 0-0 Na6 9. a3 Nc7 10. e4 e5 11. dxe6 Nxe4 12. Nxe4 fxe4 13. Ng5 Nxe6 14. Qd5 Qe7 15. Bh3 Re8 16. Nxe4 Bd7 17. Bg5 Qf8 18. Nxd6 Kh8 19. Nxe8 Bc6 20. Qxe6 Qf3 21. Qxc6 bxc6 22. Nxg7 Kxg7 23. Rad1 Qh5 24. Rd7+ Kf8 25. Be7+ Ke8 26. Kg2 g5 27. Be6 Qe2 28. Bf5 g4 29. Kg1 Rb8 30. Bxc5 Qxc4 1-0

[Event "HUN-chT2 Charousek 0607"]
[Site "Hungary"]
[Date "2007.05.06"]
[Round "10"]
[White "Macsik, Tamas"]
[Black "Vajda, Szidonia"]
[Result "1/2-1/2"]
[WhiteElo "2297"]
[BlackElo "2401"]
[PlyCount "35"]
[EventDate "2006.11.12"]
[EventType "team"]
[EventRounds "11"]
[EventCountry "HUN"]
[SourceTitle "EXT 2008"]
[Source "ChessBase"]
[SourceDate "2007.11.25"]
[SourceVersion "1"]
[SourceVersionDate "2007.11.25"]
[SourceQuality "1"]
[WhiteTeam "Paks II"]
[BlackTeam "Nagykanizsa II"]
[WhiteTeamCountry "HUN"]
[BlackTeamCountry "HUN"]

1. d4 d5 2. Nf3 e6 3. e3 c6 4. Bd3 f5 5. b3 Bd6 6. 0-0 Qe7 7. Bb2 Nf6 8. Qc1 0-0 9. Ne5 Nbd7 10. f4 Ne4 11. Ba3 Nxe5 12. Bxd6 Nxd3 13. Bxe7 Nxc1 14. Rxc1 Rf7 15. Bb4 a5 16. Be1 a4 17. Nc3 Nxc3 18. Bxc3 1/2-1/2

[Event "HUN-chT2 Charousek 0607"]
[Site "Hungary"]
[Date "2007.03.25"]
[Round "7"]
[White "Ivan, Attila"]
[Black "Macsik, Tamas"]
[Result "1/2-1/2"]
[WhiteElo "2296"]
[BlackElo "2297"]
[PlyCount "41"]
[EventDate "2006.11.12"]
[EventType "team"]
[EventRounds "11"]
[EventCountry "HUN"]
[SourceTitle "EXT 2008"]
[Source "ChessBase"]
[SourceDate "2007.11.25"]
[SourceVersion "1"]
[SourceVersionDate "2007.11.25"]
[SourceQuality "1"]
[WhiteTeam "Pannonpower"]
[BlackTeam "Paks II"]
[WhiteTeamCountry "HUN"]
[BlackTeamCountry "HUN"]

1. e4 e6 2. d4 d5 3. Nc3 Bb4 4. Nge2 Nc6 5. e5 f6 6. exf6 Nxf6 7. a3 Bd6 8. g3 e5 9. Bg2 exd4 10. Nb5 0-0 11. 0-0 Bg4 12. f3 Bf5 13. Nexd4 Bc5 14. Be3 Re8 15. Bf2 Nxd4 16. Nxd4 Qd7 17. Qd2 Bh3 18. Rfe1 Bxg2 19. Kxg2 c6 20. Rxe8+ Rxe8 21. Re1 1/2-1/2

[Event "HUN-chT2 Charousek 0506"]
[Site "Hungary"]
[Date "2006.04.09"]
[Round "10"]
[White "Macsik, Tamas"]
[Black "Jovanovic, Zoran"]
[Result "1/2-1/2"]
[WhiteElo "2270"]
[BlackElo "2520"]
[PlyCount "44"]
[EventDate "2005.10.16"]
[EventType "team"]
[EventRounds "11"]
[EventCountry "HUN"]
[SourceTitle "EXT 2009"]
[Source "ChessBase"]
[SourceDate "2008.11.26"]
[SourceVersion "1"]
[SourceVersionDate "2008.11.26"]
[SourceQuality "1"]
[WhiteTeam "Paks II"]
[BlackTeam "Szenna Pack"]
[WhiteTeamCountry "HUN"]
[BlackTeamCountry "HUN"]

1. d4 d6 2. Nf3 Bg4 3. e3 Nf6 4. h3 Bh5 5. Be2 c6 6. c4 Nbd7 7. Nc3 e5 8. 0-0 Be7 9. d5 0-0 10. Nd2 Bxe2 11. Qxe2 a6 12. e4 Re8 13. Nb3 Nf8 14. Be3 Ng6 15. g3 cxd5 16. cxd5 h5 17. Kg2 h4 18. a4 Nh7 19. Qg4 Bg5 20. Bxg5 Nxg5 21. Nd2 Nh7 22. a5 Rc8 1/2-1/2

[Event "HUN-chT2 Asztalos 0405"]
[Site "Hungary"]
[Date "2005.03.06"]
[Round "9"]
[White "Macsik, Tamas"]
[Black "Varga, Zsolt"]
[Result "1-0"]
[WhiteElo "2294"]
[BlackElo "2164"]
[PlyCount "61"]
[EventDate "2004.09.26"]
[EventType "team"]
[EventRounds "11"]
[EventCountry "HUN"]
[SourceTitle "EXT 2009"]
[Source "ChessBase"]
[SourceDate "2008.11.26"]
[SourceVersion "1"]
[SourceVersionDate "2008.11.26"]
[SourceQuality "1"]
[WhiteTeam "Paks II"]
[BlackTeam "Pecs Karmin"]
[WhiteTeamCountry "HUN"]
[BlackTeamCountry "HUN"]

1. d4 Nf6 2. Nf3 e6 3. c4 d5 4. Nc3 Be7 5. cxd5 exd5 6. Bg5 0-0 7. e3 c6 8. Qc2 Re8 9. Bd3 h6 10. Bf4 Be6 11. h3 Bd6 12. Ne5 Bxe5 13. Bxe5 Nbd7 14. Bh2 c5 15. 0-0 a6 16. dxc5 Nxc5 17. Na4 Nxa4 18. Qxa4 b5 19. Qd4 Ne4 20. Rac1 Rc8 21. Rxc8 Qxc8 22. f3 Nf6 23. Be5 Qd8 24. Rc1 Nd7 25. Bf4 Qf6 26. Rc6 Ra8 27. Qxf6 Nxf6 28. Be5 Nd7 29. Bd4 Kf8 30. f4 g6 31. g4 1-0

[Event "HUN-chT 0405"]
[Site "Hungary"]
[Date "2004.11.21"]
[Round "3"]
[White "Radnai, Adam"]
[Black "Macsik, Tamas"]
[Result "1/2-1/2"]
[WhiteElo "2165"]
[BlackElo "2294"]
[PlyCount "32"]
[EventDate "2004.09.26"]
[EventType "team-tourn"]
[EventRounds "11"]
[EventCountry "HUN"]
[SourceTitle "EXT 2011"]
[Source "ChessBase"]
[SourceDate "2010.11.26"]
[SourceVersion "1"]
[SourceVersionDate "2010.11.26"]
[SourceQuality "1"]
[WhiteTeam "BEAC Rufusz"]
[BlackTeam "Paks"]
[WhiteTeamCountry "HUN"]
[BlackTeamCountry "HUN"]

1. e4 e6 2. d4 d5 3. Nd2 Be7 4. c3 c5 5. dxc5 Nf6 6. exd5 Qxd5 7. b4 a5 8. Ngf3 Nbd7 9. Bc4 Qh5 10. 0-0 Nd5 11. Bxd5 Qxd5 12. a3 b6 13. cxb6 axb4 14. cxb4 Bxb4 15. Rb1 Bc5 16. Nb3 Qxd1 1/2-1/2

[Event "HUN-chT2 Asztalos 0405"]
[Site "Hungary"]
[Date "2004.09.26"]
[Round "1"]
[White "Macsik, Tamas"]
[Black "Balazs, Imre"]
[Result "1-0"]
[WhiteElo "2294"]
[BlackElo "2175"]
[PlyCount "135"]
[EventDate "2004.09.26"]
[EventType "team"]
[EventRounds "11"]
[EventCountry "HUN"]
[SourceTitle "EXT 2009"]
[Source "ChessBase"]
[SourceDate "2008.11.26"]
[SourceVersion "1"]
[SourceVersionDate "2008.11.26"]
[SourceQuality "1"]
[WhiteTeam "Paks II"]
[BlackTeam "Szekszard"]
[WhiteTeamCountry "HUN"]
[BlackTeamCountry "HUN"]

1. d4 Nf6 2. Nf3 d5 3. e3 e6 4. b3 Nbd7 5. Bb2 Be7 6. Bd3 c5 7. Nbd2 b6 8. Ne5 Bb7 9. f4 0-0 10. 0-0 Ne4 11. Nxe4 dxe4 12. Be2 Nxe5 13. fxe5 Bg5 14. Qd2 Qc7 15. c4 Rad8 16. Qc3 Rd7 17. Bg4 Re7 18. Rad1 Rd8 19. Ba3 Rde8 20. Bh5 g6 21. Bg4 h5 22. Be2 Bh6 23. Rf6 Bg7 24. Rf2 Rd7 25. Bb2 Red8 26. Rff1 Re8 27. b4 cxb4 28. Qxb4 Ba6 29. Qa4 Qc8 30. Rc1 Rc7 31. Rfe1 Rd8 32. Bf1 Kh7 33. Red1 Bh6 34. Qb3 Bb7 35. Ba3 Kg8 36. Bd6 Rc6 37. Rc3 Qd7 38. Rb1 Ba6 39. Rbc1 Rdc8 40. Qa3 Qb7 41. Qb3 b5 42. Kf2 Kh7 43. cxb5 Rxc3 44. Rxc3 Rxc3 45. Qxc3 Bxb5 46. Qb3 Ba6 47. Qxb7 Bxb7 48. Bc5 a6 49. h4 Kg8 50. Be7 Bc8 51. Ke2 Bd7 52. Kd2 Bc8 53. Bc4 Bb7 54. Bg5 Bf8 55. Kc3 Ba3 56. Kb3 Bc1 57. Kb4 Kf8 58. Ka5 Ke8 59. Kb6 Bc8 60. Bxa6 Bd7 61. Bb5 Ba3 62. Bxd7+ Kxd7 63. Kb7 Bb4 64. a4 Ba5 65. Ka6 Bd2 66. Kb6 Kc8 67. a5 Kb8 68. a6 1-0

[Event "Paks Cup IM 8th"]
[Site "Paks"]
[Date "2004.08.25"]
[Round "5"]
[White "Zimmerman, Yuri"]
[Black "Macsik, Tamas"]
[Result "1/2-1/2"]
[WhiteElo "2361"]
[BlackElo "2294"]
[PlyCount "80"]
[EventDate "2004.08.21"]
[EventType "tourn"]
[EventRounds "11"]
[EventCountry "HUN"]
[EventCategory "3"]
[SourceTitle "CBM 102 Extra"]
[Source "ChessBase"]
[SourceDate "2004.11.03"]
[SourceVersion "1"]
[SourceVersionDate "2004.11.03"]
[SourceQuality "1"]

1. d4 d5 2. c4 c6 3. Nf3 Nf6 4. e3 Bg4 5. Qb3 Qb6 6. c5 Qc7 7. Ne5 Nbd7 8. Nxg4 Nxg4 9. Be2 Ngf6 10. Nc3 e5 11. Qc2 Be7 12. 0-0 0-0 13. Bd2 Rfe8 14. f4 exd4 15. exd4 Ne4 16. Nxe4 dxe4 17. Bc4 Nf6 18. Rae1 Qd7 19. Bc3 Bf8 20. f5 Nd5 21. Rf2 Rad8 22. Bb3 e3 23. Rf3 b6 24. cxb6 axb6 25. a3 c5 26. Bxd5 Qxd5 27. dxc5 Bxc5 28. b4 Bd4 29. Qb2 e2+ 30. Bxd4 Qxd4+ 31. Qxd4 Rxd4 32. Kf2 Rde4 33. g3 h5 34. Rf4 Re3 35. a4 Kh7 36. h3 R8e5 37. a5 bxa5 38. bxa5 Ra3 39. Rxe2 Rxe2+ 40. Kxe2 Rxa5 1/2-1/2

[Event "Paks Cup IM 8th"]
[Site "Paks"]
[Date "2004.08.24"]
[Round "4"]
[White "Macsik, Tamas"]
[Black "Zlatic, Mihailo"]
[Result "0-1"]
[WhiteElo "2294"]
[BlackElo "2404"]
[PlyCount "138"]
[EventDate "2004.08.21"]
[EventType "tourn"]
[EventRounds "11"]
[EventCountry "HUN"]
[EventCategory "3"]
[SourceTitle "CBM 102 Extra"]
[Source "ChessBase"]
[SourceDate "2004.11.03"]
[SourceVersion "1"]
[SourceVersionDate "2004.11.03"]
[SourceQuality "1"]

1. d4 Nf6 2. Nf3 c5 3. d5 d6 4. Nc3 g6 5. e4 Bg7 6. Be2 0-0 7. 0-0 Bg4 8. Nd2 Bxe2 9. Qxe2 Nbd7 10. Nc4 Nb6 11. a4 Nxc4 12. Qxc4 Nd7 13. Bd2 b6 14. Rfe1 a6 15. f4 Qc8 16. Nd1 Qb7 17. Qb3 b5 18. c4 Qb6 19. axb5 axb5 20. Rxa8 Rxa8 21. Qxb5 Qxb5 22. cxb5 Rb8 23. Nc3 Nb6 24. Rb1 f5 25. exf5 gxf5 26. Kf2 Bxc3 27. bxc3 Nxd5 28. c4 Nb6 29. Rc1 Ra8 30. Ke2 Ra4 31. Kd3 Kf7 32. Be3 Ra2 33. Bd2 e6 34. Bc3 d5 35. cxd5 exd5 36. Be5 Ra3+ 37. Rc3 Rxc3+ 38. Kxc3 Ke6 39. Bc7 Nc4 40. Bb8 Na5 41. Bc7 Nb7 42. h3 h5 43. Kd3 Kd7 44. Bb6 Kd6 45. Kc3 Ke6 46. Kd3 h4 47. Kc3 d4+ 48. Kc4 Kd6 49. Bxc5+ Nxc5 50. Kxd4 Nd7 51. Ke3 Nf6 52. Kf3 Nh5 53. Ke3 Kc5 54. b6 Kxb6 55. Kd4 Nxf4 56. Ke5 Nxg2 57. Kxf5 Kc5 58. Kg4 Kd4 59. Kf3 Ne3 60. Kf4 Kd3 61. Kf3 Kd2 62. Kf2 Nc4 63. Kf3 Ne5+ 64. Kf4 Ng6+ 65. Kg5 Ke3 66. Kxg6 Kf4 67. Kf6 Kg3 68. Kf5 Kxh3 69. Kf4 Kg2 0-1